| 000 | 00872cam a22003017a 4500 | ||
|---|---|---|---|
| 003 | CHAP | ||
| 005 | 20220817042515.0 | ||
| 008 | 971013s1994 r 00010 d | ||
| 010 | _a46716 | ||
| 011 | _a47688 | ||
| 035 | _a51831 | ||
| 040 | _cCHAP | ||
| 082 |
_a634.9 _bF3Y v.123 |
||
| 110 | 2 | _aFAO | |
| 245 | 1 | 0 |
_aEnseƱanza forestal _b: nuevas tendencias y perspectivas |
| 260 |
_aRoma : _bFAO, _c1994 |
||
| 300 | _a338 p. | ||
| 490 | 0 |
_aFAO. Montes _v; 123 |
|
| 590 |
_aBATCH-UPD _b10 _c20130110 _lUCH01 _h0848 |
||
| 590 |
_aBATCH-UPD _b10 _c20130410 _lUCH01 _h0521 |
||
| 590 |
_aBATCH-UPD _b10 _c20130914 _lUCH01 _h1311 |
||
| 590 |
_aCONVERSION _b10 _c20130109 _lUCH01 _h1326 |
||
| 650 | 1 | 4 |
_aEnseƱanza forestal. _937093 |
| 830 | 0 |
_aFAO. Montes _v; 123 _939632 |
|
| 901 | _aBK | ||
| 942 | _cLIBRO | ||
| 949 |
_a634.9 F3Y v.123 _bBC _cFAO _d-115795 _eFAO1 _h89601 _i51831 _si |
||
| 999 |
_c46716 _d46716 |
||